书目信息 |
| 题名: |
城市生命线系统安全概论
|
|
| 作者: | 刘亚臣 , 汤铭潭 著 | |
| 分册: | ||
| 出版信息: | 北京 中国建筑工业出版社 2016.06 |
|
| 页数: | 255页 | |
| 开本: | 26cm | |
| 丛书名: | ||
| 单 册: | ||
| 中图分类: | TU984.11 | |
| 科图分类: | ||
| 主题词: | 城市--生命线系统工程--系统安全工程--研究 | |
| 电子资源: | ||
| ISBN: | 978-7-112-18846-8 | |
| 000 | 00963nam0 2200241 450 | |
| 001 | 0100004648 | |
| 005 | 20191109160039.13 | |
| 010 | @a978-7-112-18846-8@dCNY48.00 | |
| 100 | @a20160620d2016 em y0chiy50 ea | |
| 101 | 0 | @achi |
| 102 | @aCN@b110000 | |
| 105 | @aak z 000yy | |
| 200 | 1 | @a城市生命线系统安全概论@Acheng shi sheng ming xian xi tong an quan gai lun@e理论 方法 应用@f刘亚臣,汤铭潭著 |
| 210 | @a北京@c中国建筑工业出版社@d2016.06 | |
| 215 | @a255页@c图@d26cm | |
| 330 | @a本书全面系统论述城市生命线系统安全理论、综合安全规划与安全系统及应急管理体系、预案体系等的构建方法与安全对策,以及典型生命线工程管网安全运行与灾害应急实时信息管理系统构建的示范方案等内容。 | |
| 333 | @a高校建筑类专业师生,建筑工程工作者 | |
| 606 | 0 | @a城市@x生命线系统工程@x系统安全工程@x研究 |
| 690 | @aTU984.11@v5 | |
| 701 | 0 | @a刘亚臣@Aliu ya chen@4著 |
| 701 | 0 | @a汤铭潭@Atang ming tan@4著 |
| 801 | 0 | @aCN@c201701015 |
| 905 | @a河南城建学院图书馆@dTU984.11@eL700 | |
| 城市生命线系统安全概论:理论 方法 应用/刘亚臣,汤铭潭著.-北京:中国建筑工业出版社,2016.06 |
| 255页:图;26cm |
| 使用对象:高校建筑类专业师生,建筑工程工作者 |
| ISBN 978-7-112-18846-8:CNY48.00 |
| 本书全面系统论述城市生命线系统安全理论、综合安全规划与安全系统及应急管理体系、预案体系等的构建方法与安全对策,以及典型生命线工程管网安全运行与灾害应急实时信息管理系统构建的示范方案等内容。 |
| ● |
| 相关链接 |
|
|
|
正题名:城市生命线系统安全概论
索取号:TU984.11/L700
 
预约/预借
| 序号 | 登录号 | 条形码 | 馆藏地/架位号 | 状态 | 备注 |
| 1 | 1303043 | 213030432 | 建筑库201/201建筑库 62排4列4层/ [索取号:TU984.11/L700] | 在馆 | |
| 2 | 1303044 | 213030441 | 建筑库201/201建筑库 62排4列5层/ [索取号:TU984.11/L700] | 在馆 | |
| 3 | 1303045 | 213030450 | 建筑库201/201建筑库 62排4列5层/ [索取号:TU984.11/L700] | 在馆 | |
| 4 | 1303046 | 213030469 | 建筑库201/201建筑库 62排4列4层/ [索取号:TU984.11/L700] | 在馆 | |
| 5 | 1303047 | 213030478 | 建筑库201/201建筑库 62排4列4层/ [索取号:TU984.11/L700] | 在馆 | |
| 6 | 1304320 | 213043204 | 建筑库201/201建筑库 62排4列5层/ [索取号:TU984.11/L700] | 在馆 | |
| 7 | 1337510 | 213375104 | 建筑与城市规划学院资料室/201建筑库 64排7列1层/ [索取号:TU984.11/L700] | 在馆 | |
| 8 | 1337511 | 213375113 | 建筑与城市规划学院资料室/201建筑库 64排7列1层/ [索取号:TU984.11/L700] | 在馆 |